| 000 | 00440nam a22001457a 4500 | ||
|---|---|---|---|
| 082 | _aBSCS-1 | ||
| 100 |
_aAbdur Rafay _993032 |
||
| 245 | _aVisual tracking and analysis in sports | ||
| 260 |
_aIslamabad _bNUST-SEECS _c2015 |
||
| 300 |
_a45 _eCD Include |
||
| 500 | _aSupervisors: Dr. Asad Anwar Butt, Dr. Murtaza Khan | ||
| 700 |
_aMuhammad Aamir _993033 |
||
| 856 | _uhttp://10.250.8.41:8080/xmlui/handle/123456789/9845 | ||
| 942 |
_cPR _2ddc |
||
| 999 |
_c13272 _d13272 |
||